Tilastot visalle Pohjoisen jäämeren maat

Klikkaa tästä pelataksesi tätä visaa!

Yleistilastot

  • Tätä visaa on pelattu 1 976 kertaa
  • Keskiarvotulos 6 / 6

Vastaustilastot

Valtio% Oikein
Norja
99%
Venäjä
97%
Kanada
95%
Tanska
91%
Yhdysvallat
90%
Islanti
89%

Tulosjakauma

Persentiili vastausten määrän mukaan

Jokaisen tuloksen saaneiden osuus

Tuloshistoriasi

Et ole pelannut tätä visaa